000 00467nam a22001817a 4500
999 _c16388
_d16388
003 NUST
005 20170530120216.0
008 170530b xxu||||| |||| 00| 0 eng d
020 _a9789698893026
040 _aDLC
_bDLC
_cRCMS
050 _a796.3580954 KHA
082 _a796.3580954 KHA
_b MAH 2007
100 _aSyed Khalid Mahmood
_91581
245 _aMission Caribbean
_bA Guide to ICC Cricket World Cup 2007
_cSyed Khalid Mahmood
250 _a1st
260 _aKarachi
_bJumbo Publishing
_c2007
300 _a122 p.;
_bill.;
_c22 cm
440 _aMission Caribbean
_91582
538 _iShelf # 13, Row # 4, Fiction.
650 _aCricket
_91583
942 _2ddc
_cBK
_h796.3580954 KHA